|
|
|
|
| LEADER |
00000nam a2200000 a 4500 |
| 001 |
vtls001450547 |
| 003 |
SK-MaSNL |
| 005 |
20260301203125.0 |
| 008 |
130607sm y0 xo a r 0 slo |
| 015 |
|
|
|a SNBE2003/02-01040
|
| 020 |
|
|
|a 8096876988
|
| 035 |
|
|
|a SNK000405840
|
| 040 |
|
|
|a SNK
|b slo
|c SNK
|e AACR2
|
| 044 |
|
|
|a xo
|c SK
|
| 072 |
|
7 |
|a 373.2/.3
|x Predškolská a primárna výchova a vzdelávania
|2 konspekt
|
| 080 |
|
|
|a 373.3:7
|2 1981
|
| 080 |
|
|
|a (082.2)
|2 1981
|
| 080 |
|
|
|a (437.6)
|2 1981
|
| 110 |
0 |
|
|a Základná umelecká škola (Revúca, Slovensko)
|4 aut
|9 35170
|
| 245 |
1 |
|
|a 50 rokov Základnej umeleckej školy v Revúcej
|c autor textov: Tatiana Berkiová ... [et al.] ; grafická úprava: Dušan Dubovský, Jaroslav Petr, Zuzana Slezáková ; zostavil: Dušan Dubovský ; fotografie: Dušan Dubovský.
|
| 246 |
1 |
3 |
|a Päťdesiat rokov Základnej umeleckej školy v Revúcej
|
| 260 |
|
|
|a V Revúcej
|b Základná umelecká škola
|c 2002
|
| 300 |
|
|
|a 50 s.
|b fotogr.
|c 23x21 cm
|
| 610 |
2 |
7 |
|a Základná umelecká škola ( Revúca, Slovensko)
|y 1952-2002
|2 SNKKA
|9 586167
|
| 650 |
0 |
7 |
|a základné umelecké školy
|2 SNKPH
|9 29368
|
| 655 |
|
7 |
|a jubilejné publikácie
|2 SNKPH
|9 70339
|
| 700 |
1 |
|
|a Berkiová, Tatiana
|4 tex
|9 586168
|
| 700 |
1 |
|
|a Dubovský, Dušan
|4 com
|4 tex
|4 gup
|9 278429
|
| 700 |
1 |
|
|a Halčinová, Eva
|4 tex
|9 586169
|
| 700 |
1 |
|
|a Labošová, Mária
|4 tex
|9 291501
|
| 700 |
1 |
|
|a Lišková, Slávka
|4 tex
|9 586170
|
| 700 |
1 |
|
|a Petr, Jaroslav,
|c Mgr.
|4 tex
|4 gup
|9 586171
|
| 700 |
1 |
|
|a Petrová, Eva,
|d 1928-2012
|4 tex
|9 200017
|
| 700 |
1 |
|
|a Skalská, Eva
|4 tex
|9 5221
|
| 700 |
1 |
|
|a Sklenárik, Miroslav
|4 tex
|9 586172
|
| 700 |
1 |
|
|a Slezáková, Zuzana
|4 tex
|4 gup
|9 586173
|
| 752 |
|
|
|d Revúca
|
| 919 |
|
|
|a 80-968769-8-8
|
| 999 |
|
|
|c 901421
|d 903351
|
| 952 |
|
|
|t P60, <03>, [BOOK], {603}
|a SNK
|b SNK
|y PREZ
|7 0
|p 17A0377422
|o snkOSC 22083
|i snkKSP 3272/2003
|0 0
|1 0
|4 0
|d 2003-03-04
|l 0
|r 2005-01-02 00:00:00
|w 2026-02-24
|
| 952 |
|
|
|t P60, <04>, [BOOK], {604}
|a SNK
|b SNK
|y VYP
|7 0
|p 17A0377423
|o snkOSC 22083 D1
|i snkKSP 3273/2003
|0 0
|1 0
|4 0
|d 2003-03-04
|l 0
|r 2005-01-02 00:00:00
|w 2026-02-24
|